000 00393nam a22001217a 4500
999 _c9410
_d9410
003 OSt
008 201203b ||||| |||| 00| 0 eng d
245 _aTextile Trends
250 _a2012(Jul Vol.55 No.4, Aug Vol.55 No.5, Sep Vol.55 No.6, Oct Vol.55 No.7, Nov Vol.55 No.8, Dec Vol.55 No.9)
260 _aKolkata
_bEastland Publications Pvt Ltd's
650 _aTextile Engineering
942 _2ddc
_cBV